000 00429nam a2200169Ia 4500
003 GCL
008 140319s9999 xx 000 0 aRus d
040 _aGCL /
_cGCL
082 0 4 _a860
_bB O
100 1 _aBORGES, JORGE
245 1 0 _aOBRA POETICA, 1923-1977 /
_cBORGES, JORGE
260 _a[S.N] :
_bA LIANZA EDITORIAL ،
_c1987
300 _a559 P
650 0 4 _aLITERATURE
650 0 4 _aSPANISH LITERATURE
942 _2ddc
_cBK
999 _c24263
_d24263